000 00601nam a22002417a 4500
001 32852
003 UA-OsUOA
005 20220710151709.0
007 ta
008 20050214b un ||||| |||| 00| 0 ukr d
040 _aUA-OsUOA
_brus
_cUA-OsUOA
_dUA-OsUOA
041 _arus
044 _aRU
080 _a821.161.1
090 _a821.161.1
_bС56
245 _aСоветская поэзия
260 _aМосква
_bХудожественная литература
_c1977
300 _a914 с.
_bІлюстрації
505 _gт. 2
650 7 _2UDC
942 _cBK
_2udc
955 _a0
999 _c319305
_d319305